The Merck manual of medical information / (Record no. 172334)
[ view plain ]
| 000 -LEADER | |
|---|---|
| fixed length control field | 00975 am a2200277 a 4500 |
| 001 - CONTROL NUMBER | |
| control field | 005603763 |
| 003 - CONTROL NUMBER IDENTIFIER | |
| control field | Uk |
| 005 - DATE AND TIME OF LATEST TRANSACTION | |
| control field | 20250926104317.0 |
| 008 - FIXED-LENGTH DATA ELEMENTS--GENERAL INFORMATION | |
| fixed length control field | 020708r19991997enk || 001 ||eng |
| 020 ## - INTERNATIONAL STANDARD BOOK NUMBER | |
| International Standard Book Number | 9780671027278 (Paperback) |
| 040 ## - CATALOGING SOURCE | |
| Original cataloging agency | UkOxU |
| Modifying agency | NUST |
| Language of cataloging | eng |
| Transcribing agency | NUST |
| Description conventions | rda |
| 050 ## - LIBRARY OF CONGRESS CALL NUMBER | |
| Classification number | RC81 MER |
| 245 04 - TITLE STATEMENT | |
| Title | The Merck manual of medical information / |
| Statement of responsibility, etc. | Robert Berkow, editor-in-chief ; Mark H. Beers, associate editor ; Andrew J. Fletcher, senior assistant editor. |
| 250 ## - EDITION STATEMENT | |
| Edition statement | Home ed. |
| 260 ## - PUBLICATION, DISTRIBUTION, ETC. | |
| Place of publication, distribution, etc. | New York ; |
| -- | London : |
| Name of publisher, distributor, etc. | Pocket Books, |
| Date of publication, distribution, etc. | ©1999. |
| 300 ## - PHYSICAL DESCRIPTION | |
| Extent | xxvi, 1620 pages. : |
| Other physical details | illustrations.; |
| Dimensions | 18 cm. |
| 336 ## - CONTENT TYPE | |
| Content type term | text |
| Source | rdacontent |
| Content type code | txt |
| 337 ## - MEDIA TYPE | |
| Media type term | unmediated |
| Source | rdamedia |
| Media type code | n |
| 338 ## - CARRIER TYPE | |
| Carrier type term | volume |
| Source | rdacarrier |
| Carrier type code | nc |
| 504 ## - BIBLIOGRAPHY, ETC. NOTE | |
| Bibliography, etc. note | Including Index |
| 650 #0 - SUBJECT ADDED ENTRY--TOPICAL TERM | |
| Topical term or geographic name entry element | Medicine, Popular. |
| 700 1# - ADDED ENTRY--PERSONAL NAME | |
| Personal name | Berkow, Robert, |
| Dates associated with a name | 1929-2011. |
| 700 1# - ADDED ENTRY--PERSONAL NAME | |
| Personal name | Beers, Mark H. |
| 700 1# - ADDED ENTRY--PERSONAL NAME | |
| Personal name | Fletcher, Andrew J. |
| 942 ## - ADDED ENTRY ELEMENTS (KOHA) | |
| Source of classification or shelving scheme | Library of Congress Classification |
| Suppress in OPAC | No |
| Koha item type | Reference Material |
| Edition | Home Edition |
| Classification part | RC81.MER |
| Call number prefix | RC |
| Call number suffix | MER |
| Withdrawn status | Lost status | Source of classification or shelving scheme | Damaged status | Not for loan | Collection | Home library | Current library | Shelving location | Date acquired | Source of acquisition | Cost, normal purchase price | Total Checkouts | Full call number | Barcode | Date last seen | Accession number | Cost, replacement price | Price effective from | Koha item type | Public note |
|---|---|---|---|---|---|---|---|---|---|---|---|---|---|---|---|---|---|---|---|---|
| LCC | NFIC | MEDICAL | MEDICAL | GEN | 08/29/2025 | Book Aid International | 19.00 | RC81.MER | 92004055219 | 08/29/2025 | 61011 | 19.00 | 08/29/2025 | BOOKS | Donation |